000
00243nam a22001097a 4500
082
_a
150/CHO
100
_a
Choudhary,S.K
_9
81401
245
_a
Health Psychology
260
_a
Delhi
_b
Rupa Publication
_c
2018
650
_a
Psychology
942
_c
BK
999
_c
65451
_d
65451